NFL Top 10 Passing Yards 1960s - Statistics

General Stats
  • This quiz has been taken 18 times
  • The average score is 73 of 100
Answer Stats
Year Team Player % Correct
1967: 10 Packers Bart Starr
100%
1966: 8 Packers Bart Starr
100%
1965: 10 Packers Bart Starr
100%
1964: 8 Packers Bart Starr
100%
1962: 8 Packers Bart Starr
100%
1961: 4 Packers Bart Starr
100%
1960: 9 Packers Bart Starr
100%
1969: 9 Colts Johnny Unitas
100%
1967: 2 Colts Johnny Unitas
100%
1966: 5 Colts Johnny Unitas
100%
1965: 4 Colts Johnny Unitas
100%
1964: 3 Colts Johnny Unitas
100%
1963: 1 Colts Johnny Unitas
100%
1962: 4 Colts Johnny Unitas
100%
1961: 2 Colts Johnny Unitas
100%
1960: 1 Colts Johnny Unitas
100%
1969: 1 Redskins Sonny Jurgensen
100%
1968: 10 Redskins Sonny Jurgensen
100%
1967: 1 Redskins Sonny Jurgensen
100%
1966: 1 Redskins Sonny Jurgensen
100%
1965: 8 Redskins Sonny Jurgensen
100%
1964: 2 Redskins Sonny Jurgensen
100%
1962: 1 Eagles Sonny Jurgensen
100%
1961: 1 Eagles Sonny Jurgensen
100%
1968: 2 Colts Earl Morrall
93%
1965: 5 Giants Earl Morrall
93%
1963: 6 Lions Earl Morrall
93%
1969: 2 Giants Fran Tarkenton
93%
1968: 3 Giants Fran Tarkenton
93%
1967: 4 Giants Fran Tarkenton
93%
1966: 6 Vikings Fran Tarkenton
93%
1965: 3 Vikings Fran Tarkenton
93%
1964: 4 Vikings Fran Tarkenton
93%
1963: 8 Vikings Fran Tarkenton
93%
1962: 6 Vikings Fran Tarkenton
93%
1961: 9 Vikings Fran Tarkenton
93%
1968: 9 Cardinals Jim Hart
93%
1967: 5 Cardinals Jim Hart
93%
1969: 8 49ers John Brodie
93%
1968: 1 49ers John Brodie
93%
1967: 8 49ers John Brodie
93%
1966: 3 49ers John Brodie
93%
1965: 1 49ers John Brodie
93%
1964: 5 49ers John Brodie
93%
1962: 10 49ers John Brodie
93%
1961: 3 49ers John Brodie
93%
1969: 6 Rams Roman Gabriel
93%
1968: 6 Rams Roman Gabriel
93%
1967: 6 Rams Roman Gabriel
93%
1966: 7 Rams Roman Gabriel
93%
1963: 3 Giants Y.A. Tittle
86%
1962: 2 Giants Y.A. Tittle
86%
1961: 7 Giants Y.A. Tittle
86%
1968: 4 Cowboys Don Meredith
79%
1967: 9 Cowboys Don Meredith
79%
1966: 4 Cowboys Don Meredith
79%
1965: 7 Cowboys Don Meredith
79%
1964: 9 Cowboys Don Meredith
79%
1963: 7 Cowboys Don Meredith
79%
1960: 2 Eagles Norm Van Brocklin
79%
1969: 7 Saints Billy Kilmer
71%
1968: 8 Saints Billy Kilmer
71%
1969: 10 Cardinals Charley Johnson
71%
1965: 6 Cardinals Charley Johnson
71%
1964: 1 Cardinals Charley Johnson
71%
1963: 2 Cardinals Charley Johnson
71%
1962: 7 Cardinals Charley Johnson
71%
1969: 5 Cowboys Craig Morton
71%
1960: 4 Steelers Bobby Layne
64%
1969: 3 Eagles Norm Snead
57%
1967: 3 Eagles Norm Snead
57%
1965: 9 Eagles Norm Snead
57%
1963: 4 Redskins Norm Snead
57%
1962: 5 Redskins Norm Snead
57%
1961: 6 Redskins Norm Snead
57%
1964: 10 Steelers Ed Brown
43%
1963: 5 Steelers Ed Brown
43%
1969: 4 Browns Bill Nelsen
36%
1968: 5 Browns Bill Nelsen
36%
1963: 9 Bears Billy Wade
36%
1962: 3 Bears Billy Wade
36%
1961: 8 Bears Billy Wade
36%
1960: 10 Rams Billy Wade
36%
1967: 7 Browns Frank Ryan
36%
1966: 2 Browns Frank Ryan
36%
1964: 6 Browns Frank Ryan
36%
1963: 10 Browns Frank Ryan
36%
1968: 7 Lions Bill Munson
21%
1960: 5 Cowboys Eddie LeBaron
21%
1964: 7 Lions Milt Plum
21%
1962: 9 Lions Milt Plum
21%
1961: 5 Browns Milt Plum
21%
1960: 3 Browns Milt Plum
21%
1966: 9 Bears Rudy Bukich
21%
1965: 2 Bears Rudy Bukich
21%
1961: 10 Lions Jim Ninowski
14%
1960: 6 Lions Jim Ninowski
14%
1960: 8 Cardinals John Roach
7%
1966: 10 Lions Karl Sweetan
7%
1960: 7 Redskins Ralph Guglielmi
7%
No matching quizzes found
Score Distribution
Percent of People with Each Score
Percentile by Number Answered
Your Score History
You have not taken this quiz